Missing Word: State Movies Quiz Stats

 Plays Quiz Updated Mar 5, 2016

Challenge
Share
Tweet
Embed
Score 0/20 Timer 03:00
0 Plays Today
Movie Missing State % Correct
Sweet Home ___Alabama
97.6%
Hannah ___: The MovieMontana
90.2%
___ Jones and the Last CrusadeIndiana
85.1%
Gangs of ___ ___New York
84.1%
Who's Afraid of ___ Woolf?Virginia
75.5%
Mr. Smith Goes to ___Washington
74.2%
___ Fried MovieKentucky
69.5%
Raising ___Arizona
63.3%
The Best Little Whοrehouse in ___Texas
62.7%
___ BurningMississippi
49%
Movie Missing State % Correct
My Own Private ___Idaho
38.7%
The Haunting in ___Connecticut
38.1%
Mystery, ___Alaska
35.9%
The Hotel ___ ___New Hampshire
32.9%
___ RuleGeorgia
28.1%
Blue ___Hawaii
26.6%
___ SuiteCalifornia
20.2%
The Prize Winner of Defiance, ___Ohio
16.4%
Feeling ___Minnesota
14.1%
The Prince of ___Pennsylvania
3.7%

Today's Daily Dose

You're not logged in!

Compare scores with friends on all Sporcle quizzes.
Join for Free
OR
Log In

You Might Also Like...

Show Comments

Extras

Top Quizzes Today


Score Distribution

Your Account Isn't Verified!

In order to create a playlist on Sporcle, you need to verify the email address you used during registration. Go to your Sporcle Settings to finish the process.

Report this User

Report this user for behavior that violates our Community Guidelines.

Details: